Practical use of fracture mechanics (Record no. 327422)

000 -LEADER
fixed length control field 00307 a2200121 4500
001 - CONTROL NUMBER
control field 92349
082 ## - DEWEY DECIMAL CLASSIFICATION NUMBER
Classification number 620.1126 BRO
090 ## - LOCALLY ASSIGNED LC-TYPE CALL NUMBER (OCLC); LOCAL CALL NUMBER (RLIN)
-- 44317
-- 44318
100 ## - MAIN ENTRY--PERSONAL NAME
Personal name David Broek
245 ## - TITLE STATEMENT
Title Practical use of fracture mechanics
260 ## - PUBLICATION, DISTRIBUTION, ETC.
Place of publication, distribution, etc. London
Name of publisher, distributor, etc. Kluwer Academic Publishers
Date of publication, distribution, etc. 1989
300 ## - PHYSICAL DESCRIPTION
Extent xiii, 522 p.
942 ## - ADDED ENTRY ELEMENTS (KOHA)
Institution code [OBSOLETE] NUST-CAE
Call number prefix 620.1126 BRO
Holdings
Withdrawn status Lost status Damaged status Not for loan Collection code Permanent Location Current Location Date acquired Total Checkouts Full call number Barcode Date last seen Price effective from Koha item type
          College of Aeronautical Engineering (CAE) College of Aeronautical Engineering (CAE) 04/03/2017   620.1126 BRO CAE88601 04/05/2017 04/05/2017 Book
© 2023 Central Library, National University of Sciences and Technology. All Rights Reserved.